Lý thuyết đồ thị và ứng dụng
Khái niệm và các thuật toán cơ bản của lý thuyết đồ thị, các cách biểu diễn đồ thị trên máy tính, các thuật toán duyệt đồ thị. cây và cây khung của đồ thị, các thuật toán tìm đường đi ngắn nhất trên đồ thị và luồng trên mạng...
Zapisane w:
| 1. autor: | |
|---|---|
| Format: | Książka |
| Język: | Undetermined |
| Wydane: |
Hà Nội
Giáo dục Việt Nam
2012
|
| Hasła przedmiotowe: | |
| Etykiety: |
Dodaj etykietę
Nie ma etykietki, Dołącz pierwszą etykiete!
|
| Thư viện lưu trữ: | Trung tâm Học liệu Trường Đại học Cần Thơ |
|---|
| LEADER | 01005nam a2200217Ia 4500 | ||
|---|---|---|---|
| 001 | CTU_191341 | ||
| 008 | 210402s9999 xx 000 0 und d | ||
| 020 | |c 38000 | ||
| 082 | |a 511.5 | ||
| 082 | |b A107 | ||
| 100 | |a Nguyễn, Tuấn Anh | ||
| 245 | 0 | |a Lý thuyết đồ thị và ứng dụng | |
| 245 | 0 | |c Nguyễn Tuấn Anh chủ biên | |
| 260 | |a Hà Nội | ||
| 260 | |b Giáo dục Việt Nam | ||
| 260 | |c 2012 | ||
| 520 | |a Khái niệm và các thuật toán cơ bản của lý thuyết đồ thị, các cách biểu diễn đồ thị trên máy tính, các thuật toán duyệt đồ thị. cây và cây khung của đồ thị, các thuật toán tìm đường đi ngắn nhất trên đồ thị và luồng trên mạng | ||
| 650 | |a Algebra,Đại số | ||
| 650 | |x Graphic method,Phương pháp đồ họa | ||
| 910 | |a Hải | ||
| 980 | |a Trung tâm Học liệu Trường Đại học Cần Thơ | ||